Modernisieren mit den Menschen, fur die Menschen (Запис номер 386276)
[ съкратено ]
| 000 -Лидер | |
|---|---|
| Контролно поле с фиксирана дължина | 01387nam a2200349 a 4500 |
| 003 - Код на организацията, давaща контролен номер | |
| Контролно поле | BLK |
| 005 - Дата и час на последна редакция | |
| Контролно поле | 20250127102513.0 |
| 008 - Елементи от данни с фиксирана дължина | |
| fixed length control field | 200828b bul|||||r ||||||| ||bul|| |
| 040 ## - Източник на каталожния запис | |
| Идентификатор на билиотеката - собственик на записа | BLK |
| 041 ## - Код за език | |
| Код за езика на текст/звукозапис или на отделно заглавие | Немски |
| Код за езика КДБФ | Немски |
| 080 ## - УДК | |
| Текстов определител УДК | Вътрешна политика. Вж и 329 |
| УДК код - определител по УДК | 323 |
| УДК определител | (497.2) |
| УДК - код + определител | 323(497.2) |
| 080 ## - УДК | |
| Текстов определител УДК | Международни политически отношения. Световна политика. Международна политика. Дипломация |
| УДК код - определител по УДК | 327 |
| УДК определител | (497.2) |
| УДК - код + определител | 327(497.2) |
| 100 ## - Редна дума - Автор | |
| Автор | Zhivkov, Todor Hristov |
| Авторска отговорност | първи автор |
| R(LIN) | 432504 |
| 139 ## - Редно поле | |
| Редна дума | Zhivkov, Todor Hristov |
| 245 10 - Сведения за заглавието | |
| Заглавие | Modernisieren mit den Menschen, fur die Menschen |
| Подзаглавни данни | Interview fur die Ztg. "L'Humanite" vom 14. Febr. 1987 |
| Редно поле (дума) | Todor Zhivkov. |
| 257 ## - Страна на издаване | |
| Страна на създаване/издаване | България |
| 260 ## - Област на издателските данни | |
| Място на издаване, разпространение и проч. | Sofia |
| Име на издателя, разпространителя и проч. | Sofia-Press |
| Година на издаване | 1987 |
| 300 ## - Физическа характеристика | |
| Страници | 20 с. |
| Размери/Мащаб | 16 см |
| 380 ## - Жанр | |
| Жанр | Обществени науки |
| 500 ## - Общи забележки | |
| Забележка | Прев. е направен от ръкоп. - Офс. изд. - 1 900 тир. |
| 650 #0 - Допълнително описание по предмет – тема | |
| Основно описание – тема или топоним | България - политика |
| 9 (RLIN) | 243743 |
| 653 #7 - Ключова дума – ненормативна | |
| Ключова дума | българска вътрешна политика |
| 9 (RLIN) | 182625 |
| 653 #0 - Ключова дума – ненормативна | |
| Ключова дума | българска външна политика |
| 9 (RLIN) | 396179 |
| 653 #7 - Ключова дума – ненормативна | |
| Ключова дума | речи |
| 9 (RLIN) | 195537 |
| 852 ## - Местоположение | |
| Форматна сигнатура | Цб І 23351 |
| Фондова буква | Хранилище |
| 856 4# - Електронен адрес и достъп | |
| Електронен формат | pdf - файл |
| Път до файла /url/ | |
| 856 4# - Електронен адрес и достъп | |
| Електронен формат | pdf - файл |
| Път до файла /url/ | |
| 999 ## - СИСТЕМНИ КОНТРОЛНИ НОМЕРА | |
| Koha biblionumber | 386276 |
| Koha biblioitemnumber | 386276 |
| 942 ## - АРТИКУЛИ | |
| Вид на библиотечния материал | Книги |
| Скрит в OPAC | Не |
| Периодичен библиозапис | Да |
| 944 ## - СЪЗДАВАНЕ И РЕДАКЦИЯ на ЗАПИСА | |
| Създаване/Редакция | Създаване |
| Дата на регистрацията/редакция | 2020-08-28 |
| Служител, извършил регистрацията/редакцията | 30560 |
| Статус, дата на статуса | Геновева Генчева |
| 999 ## - СИСТЕМНИ КОНТРОЛНИ НОМЕРА | |
| Koha biblioitemnumber | 386261 |
| 999 ## - СИСТЕМНИ КОНТРОЛНИ НОМЕРА | |
| Koha biblioitemnumber | 386261 |
| Код за отписване | Код за изгубен артикул | Източник на класификационната схема | Код за повреда | Коз за рестрикции | Код за отдаване | Артикулен № | Име на библиотеката - собственик | Име на библиотеката, в която се намира в момента | Статус (Текущо местоположение) | Дата на вписване в системата | Местоположение - отдел | Цена в лева | Инвентарен номер | Систематично азбучна сигнатура | Баркод | Цена в евро | Служебен тип на артикула |
|---|---|---|---|---|---|---|---|---|---|---|---|---|---|---|---|---|---|
| Не е изгубен | Universal Decimal Classification | Не е повреден | само за читалня | ползва се в читалня | 795764 | Регионална библиотека "Любен Каравелов" Русе | Регионална библиотека "Любен Каравелов" Русе | Хранилище | 2020-08-31 | Хранилище | 0.00 | 479042 | Цб І 23351 | 120000479042 | 0.00 | Книги |